El libro del haiku

Guardat en:
Dades bibliogràfiques
Autors principals: Silva, Alberto (Autor), Ota, Seiko (Autor), Kubo, Masako (Autor), Nakamura, Tamiko (Autor)
Format: Llibre
Idioma:espanyol
japonès
Publicat: Buenos Aires Bajo La Luna 2010
Edició:2a. ed
Col·lecció:Poesía, 63
Matèries:
Etiquetes: Afegir etiqueta
Sense etiquetes, Sigues el primer a etiquetar aquest registre!

MARC

LEADER 00000cam a2200000 a 4500
001 UCC8660
003 CL-VaPUC
005 20240821120126.0
008 190809e20100000ag |||||||||||||||||spa|d
020 |a 9789879108826 
040 |c Pontificia Universidad Católica de Valparaíso 
041 0 7 |a spa  |2 CL-VaPUC 
041 0 7 |a jpn  |2 CL-VaPUC 
082 0 4 |a 895.609  |b SIL  |2 21 
100 0 |a Silva, Alberto  |e author  |9 603370 
245 1 3 |a El libro del haiku 
250 |a 2a. ed 
260 |a Buenos Aires  |b Bajo La Luna  |c 2010 
300 |a 472 p 
490 0 |a Poesía, 63 
583 |a last modification  |c 20190809 11:18:00  |k Rodrigo Vera 
650 0 |a Poesías japonesas   |9 319966 
650 0 |a Literatura japonesa  |9 266543 
700 0 |a Ota, Seiko  |e author  |9 603371 
700 0 |a Kubo, Masako  |e author  |9 603372 
700 0 |a Nakamura, Tamiko  |e author  |9 603373 
942 |c BK 
945 |d 20190809 11:18:00  |a dcastane 
999 |c 374929  |d 374927 
952 |0 0  |1 0  |3 erb  |4 0  |6 895_609000000000000_SIL_2010  |7 0  |8 A  |9 493710  |a BIBART  |b BIBART  |i 5556791  |l 5  |m 1  |o 895.609 SIL 2010  |p 5556791  |r 2025-03-13  |s 2023-09-12  |w 2019-11-24  |y BK  |z Catalogado en:20190809  |k ART